| 000 | 01379nam a22003971a 4500 | ||
|---|---|---|---|
| 003 | EG-ScBUE | ||
| 005 | 20220612103219.0 | ||
| 006 | m||||fq||i 00| 0 | ||
| 008 | 150405r20132012enka f bd 000 0 eng d | ||
| 020 | _a9781908614339 | ||
| 040 |
_aEG-ScBUE _beng _erda _cEG-ScBUE _dEG-ScBUE |
||
| 082 | 0 | 4 |
_a428.24 _bCAM _222 |
| 100 | 1 |
_aCampbell, Colin, _d1950- _eauthor. _937584 |
|
| 245 | 1 | 0 |
_aListening : _bcourse book / _cColin Campbell and Jonathan Smith. |
| 250 |
_aNew edition, _breprinted edition. |
||
| 264 | 1 |
_aReading, UK : _bGarnet Publishing Ltd, _c2013. |
|
| 300 |
_a94 pages : _billustrations ; _c28 cm + _e2 CD + 1 DVD. |
||
| 336 |
_2rdacontent _atext _btxt |
||
| 336 |
_2rdacontent _asounds _bsnd |
||
| 336 |
_2rdacontent _aspoken word _bspw |
||
| 337 |
_2rdamedia _aunmediated _bn |
||
| 337 |
_2rdamedia _aaudio _bs |
||
| 337 |
_2rdamedia _avideo _bv |
||
| 338 |
_2rdacarrier _avolume _bnc |
||
| 338 |
_2rdacarrier _acomputer disc _bcd |
||
| 490 | 0 | _aEnglish for academic study | |
| 500 | _aReprint of the 2012 ed. | ||
| 500 | _aIncludes glossary. | ||
| 504 | _aIncludes bibliographical references. | ||
| 650 | 7 |
_910347 _aEnglish language _xSpoken English _vProblems, exercises, etc. _2BUEsh |
|
| 651 | _2BUEsh | ||
| 653 |
_cApril2015 _bHHUUEENN |
||
| 655 |
_vReading book _934232 |
||
| 700 | 1 |
_aSmith, Jonathan, _eauthor. _937585 |
|
| 942 |
_2ddc _k428.24 CAM _cBB |
||
| 999 |
_c19159 _d19131 |
||